000 00675nam a22002177a 4500
003 UA-OsUOA
001 64979
007 ta
008 20091111b un ||||| |||| 00| 0 ukr d
100 _aБогданів І.
090 _a330(477)
_bБ73
942 _cSA
040 _aUA-OsUOA
_bukr
_cUA-OsUOA
_dUA-OsUOA
245 _aУспіхи і невдачі державного фінансового аудиту суб'єктів господарювання
300 _aС.25-33
955 _a0
041 _aukr
080 _a330(477)
773 0 _w64977
_tФінансовий контроль
_dК.
_d2009
_g4
650 7 _a330 Економіка взагалі
_2UDC
999 _c351084
_d351084